| 000 | 00563nam a22001937a 4500 | ||
|---|---|---|---|
| 003 | MPLRDC | ||
| 005 | 20220104202401.0 | ||
| 008 | 210129b ||||| |||| 00| 0 eng d | ||
| 020 | _a978-957-13-7028-6 | ||
| 082 | _a561.941 LUY | ||
| 100 | _a裘里斯·卢彦戴克 JORIS LUYENDIJK | ||
| 245 |
_a与鲨鱼游泳 _c何玉美 译 |
||
| 250 | _a初版一刷 | ||
| 260 |
_a台湾 _b时报文化出版企业股份有限公司 _c2017 |
||
| 300 | _b平 | ||
| 520 | _a新书上架 2018-02-02。 | ||
| 650 | _a各国金融问题--英国 | ||
| 942 |
_cBK _o561.941 LUY |
||
| 999 |
_c67619 _d67609 |
||